Quick Pick: Oscar Winning British Monarchs Quiz Stats

 Plays Quiz Updated Jun 14, 2019

Score 0/5 Timer 00:30
1 Play Today
% Correct
Colin Firth
96.1%
Charles Laughton
93.8%
Olivia Colman
88.7%
Helen Mirren
88.2%
Judi Dench
83.5%

Today's Daily Dose

Missing Word
Video Games (A-Z)

Get the Picture
Tom Hanks

You're not logged in!

Compare scores with friends on all Sporcle quizzes.
OR
Log In

Sporcle TV

Today on Sporcle TV


Watch our educational content, quiz creation guides, and fun videos on Sporcle TV.

Show Comments

Extras

Top Quizzes Today


Score Distribution

Your Account Isn't Verified!

In order to create a playlist on Sporcle, you need to verify the email address you used during registration. Go to your Sporcle Settings to finish the process.

Report this User

Report this user for behavior that violates our Community Guidelines.

Details: